Principios de economía: micro
Gespeichert in:
| 1. Verfasser: | |
|---|---|
| Format: | Buch |
| Sprache: | Spanisch |
| Veröffentlicht: |
Ciudad de México
Continental
1981
|
| Schlagworte: | |
| Tags: |
Tag hinzufügen
Keine Tags, Fügen Sie den ersten Tag hinzu!
|
MARC
| LEADER | 00000nam a2200000 a 4500 | ||
|---|---|---|---|
| 001 | UCV4979 | ||
| 003 | CL-VaPUC | ||
| 008 | 911209e19810000MX |||||||||||||||||spa|d | ||
| 082 | 0 | 4 | |a 338.5 |b PET |2 21 |
| 100 | 0 | |a Peterson, Willis L |e author |9 299183 | |
| 245 | 1 | 0 | |a Principios de economía: micro |
| 300 | |a 321 p | ||
| 942 | |c BK | ||
| 945 | |d 19911209 00:00:00 | ||
| 260 | |a Ciudad de México |b Continental |c 1981 | ||
| 650 | 0 | |a Microeconomía |9 258126 | |
| 583 | |a last modification |c 19911209 00:00:00 |k Rodrigo Vera | ||
| 999 | |c 211592 |d 211590 | ||
| 952 | |0 0 |1 0 |4 0 |6 338_500000000000000_PET_1981 |7 0 |8 A |9 191277 |a BIBENE |b BIBENE |d 2019-11-14 |i 1998498 |o 338.5 PET 1981 |p 1998498 |r 2025-01-15 |w 2019-11-14 |y BK |k ICO | ||